000 00594nam a2200133Ia 4500
008 160809s9999 xx 000 0 und d
100 _aFilippini, Alexis L.
245 2 _aA VOCABULARY-ADDED READING INTERVENTION FOR ENGLISH LEARNERS AT-RISK OF READING DIFFICULTIES
245 _cAlexis L. Filippini Mission Learning Center Michael M. Gerber University of California Jill M. Leafstedt California State University.
260 _bInternational Journal of Special Education
260 _c2012
650 _xSPECIAL EDUCATION
856 _uhttp://www.internationaljournalofspecialed.com/issues.php
999 _c300366
_d300366